000 00296nam a22001337a 4500
008 180216b xxu||||| |||| 00| 0 eng d
020 _a0977177734
041 _aeng
080 _a038
100 _a23
101 _aFJA
245 _aThe best dictionary for students
_cBacon,F
942 _2udc
_cBK
999 _c42801
_d42801